| 000 | 02867cgm a2200661Ma 4500 | ||
|---|---|---|---|
| 001 | 83274 | ||
| 005 | 20230410123857.0 | ||
| 007 | vd bvaizm | ||
| 008 | 030522s2001 cau139 g vljpn d | ||
| 035 | _a(OCoLC)ocm61569413 | ||
| 040 |
_aLGG _cLGG _dOCLCQ _dOCLCG |
||
| 020 | _a0780021959 | ||
| 020 | _a9780780021952 | ||
| 028 | 4 | 0 |
_aHID040 _bCriterion Collection |
| 029 | 1 |
_aAU@ _b000043853291 |
|
| 035 | _a(OCoLC)61569413 | ||
| 041 | 0 |
_ajpn _beng |
|
| 043 | _aa-ja--- | ||
| 050 | 1 | 4 | _aCM DVD 01209 |
| 049 | _aGRAL | ||
| 130 | 0 |
_6880-01 _aKakushi toride no san akunin. |
|
| 245 | 1 | 0 |
_aAkira Kurosawa's The hidden fortress _h[videorecording]. |
| 246 | 3 | _aHidden fortress | |
| 246 | 1 |
_iAlso known as: _aThree Bad Men in a Hidden Fortress |
|
| 246 | 1 |
_iAlso known as: _aThree Rascals in the Hidden Fortress |
|
| 246 | 1 |
_iAlso known as: _aThree Villains of the Hidden Fortress |
|
| 260 |
_a[California] : _bCriterion Collection, _c2001. |
||
| 300 |
_a1 videodisc (139 min.) : _bsd., b&w ; _c4 3/4 in. |
||
| 490 | 1 |
_aCriterion collection ; _v116 |
|
| 490 | 1 | _aClassic collection | |
| 538 | _aDVD; mono; optional Dolby digital 3.0 soundtrack preserving the original perspect-a-sound simulated-stereo effects. | ||
| 546 | _aIn Japanese with optional English subtitles. | ||
| 500 | _aVideodisc release of a 1958 motion picture. | ||
| 508 | _aDirector, Akira Kurosawa, producers, Masumi Fujimoto, Akira Kurosawa; screenplay, Ryuzo Kikushima, Hideo Oguni, Shinobu Hashimoto, Akira Kurosawa; cinematography, Kazuo Yamasaki; music, Masaru Sato. | ||
| 511 | 1 | _aToshiro Mifune, Misa Uehara, Minoru Chiaki. | |
| 500 | _aCataloging from container. | ||
| 500 | _aWidescreen, enhanced for 16:9 TVs (2.35:1 aspect ratio). | ||
| 500 | _aSpecial features include: video interview with George Lucas about Kurosawa, original theatrical trailer. | ||
| 500 | _aRSDL dual layer format. | ||
| 520 | _aPrincess Yuki escapes the clutches of an enemy clan. She hides in a secret mountain fortress with her loyal retainers, her faithful military commandant, and her clan's precious gold. They try to escape but on their way it's one chase, swordfight, and hair's breadth escape after another. | ||
| 650 | 0 |
_aFeature films _zJapan. |
|
| 650 | 0 |
_aForeign films _zJapan. |
|
| 650 | 0 | _aMotion pictures, Japanese. | |
| 650 | 0 |
_aPrincesses _zJapan _vDrama |
|
| 650 | 0 |
_aFeudalism _zJapan _vDrama |
|
| 650 | 0 |
_aEscapes _zJapan _vDrama |
|
| 650 | 4 | _aCine Japonés (inglés) | |
| 700 | 1 |
_aKurosawa, Akira, _d1910-1998. |
|
| 700 | 1 |
_aMifune, Toshiråo, _d1920-1997. |
|
| 700 | 1 | _aUehara, Misa. | |
| 710 | 2 | _aCriterion Collection (Firm) | |
| 710 | 2 | _aHome Vision (Firm) | |
| 710 | 2 | _aJanus Films. | |
| 830 | 0 |
_aCriterion collection (DVD videodiscs) ; _v116. |
|
| 830 | 0 | _aClassic collection (Chicago, Ill.) | |
| 942 |
_2lcc _cdvd |
||
| 994 |
_aC0 _bDRFGD |
||
| 999 |
_c67618 _d67618 |
||